| 000 | 00821nam a2200205Ia 4500 | ||
|---|---|---|---|
| 003 | IN-BaIIA | ||
| 008 | 211028s9999 xx s 000 0 eng d | ||
| 020 | _a978-1-107-19246-1 (Print) | ||
| 022 | _a1743-9213 (Print) | ||
| 022 | _a1743-9221 (Online) | ||
| 040 | _cIIA Library | ||
| 100 |
_aJelic, Vibor, ed. _940717 |
||
| 245 | 0 |
_aPeering towards Cosmic Dawn _h[eBook] |
|
| 260 |
_aCambridge _bCambridge University Press _c2018 |
||
| 300 | _aOnline resource | ||
| 490 | _aIAU Symposium; no. 333 | ||
| 700 |
_avan der Hulst, Thijs, ed. _940718 |
||
| 856 |
_uhttps://www.cambridge.org/core/journals/proceedings-of-the-international-astronomical-union/issue/FBB8D126BCDC230A8C949448BB193791 _yClick Here to Access eBook |
||
| 942 | _cEB | ||
| 999 |
_c22042 _d22042 |
||